Carregant...

Muthalum mutivum /

Dades bibliogràfiques
Autor principal: Puthumai Pithan
Idioma:Undetermined
Publicat: 1954.
LEADER 00679nam a2200145Ia 4500
001 36247
008 170722s9999 xx 000 0 und d
100 |a Puthumai Pithan 
245 |a Muthalum mutivum / 
260 |c 1954. 
942 |c GEN 
999 |c 43382  |d 43382 
952 |0 1  |1 0  |4 0  |6 O_31X_31J231J2231J23_CR  |7 0  |9 59316  |a LIB  |b LIB  |d 2017-08-12  |o O,31x 31J2-31J2;2,31J2;3 (CR)  |p 44549  |r 2017-08-12  |w 2017-08-12  |y GEN 
952 |0 0  |1 0  |4 0  |6 O_31X_31J231J2231J23_CR  |7 0  |9 59317  |a LIB  |b LIB  |d 2017-08-12  |o O,31x 31J2-31J2;2,31J2;3 (CR)  |p 53776  |r 2017-08-12  |w 2017-08-12  |y GEN 
952 |0 0  |1 0  |4 0  |6 O_31X_31J231J2231J23_CR  |7 0  |9 59318  |a LIB  |b LIB  |d 2017-08-12  |o O,31x 31J2-31J2;2,31J2;3 (CR)  |p 59822  |r 2017-08-12  |w 2017-08-12  |y GEN